banner-ar

صفحات من تاريخ الوطن / (Record no. 60412)

MARC details
000 -الفاتح
حقل البيانات ثابتة الطول 01067nam a22002897a 4500
005 - وقت وتاريخ اخر تعامل مع التسجيلة
رقم الضبط 20240530110409.0
008 - عناصر البيانات ثابتة الطول - معلومات عامة
حقل البيانات ثابتة الطول 150209s2011 ua f 000 0 ara d
017 ## - رقم الايداع القانونى
رقم الايداع القانونى 11766/2011
المصدر ( الهيئة المختصة) مصر . دار الكتب المصرية
020 ## - الرقم الدولى المعيارى للكتب
الرقم الدولى المعيارى للكتاب 9789771808381
040 ## - مصدر الفهرسة
وكالة الفهرسة الأصلية EG-CaGPL
041 0# - رمز اللغة
رمز لغة النص/ المسارات الصوتية أو العنوان الانفرادي ara
082 04 - رقم تصنيف ديوى العشرى
رقم الطبعة 21
رقم التصنيف 962
رقم المادة ق/ر ص
100 0# - المدخل الرئيسى - إسم شخصى
الإسم الشخصى رءوف عباس
245 10 - بيان العنوان
العنوان صفحات من تاريخ الوطن /
بيان المسئوليه,etc رءوف عباس ؛ تحرير عباده كحيلة
250 ## - بيان الطبعة
بيان الطبعة ط1
260 ## - PUBLICATION, DISTRIBUTION, ETC. (IMPRINT)
تاريخ النشر أو التوزيع 2011
300 ## - الوصف المادى
التعداد 591 ص
أبعاد الوعاء 30 سم
600 04 - المدخل الاضافى بالموضوع-اسم شخصى
الإسم الشخصى رءوف عباس
600 04 - المدخل الاضافى بالموضوع-اسم شخصى
الإسم الشخصى احمد لطفى السيد
650 04 - المدخل الاضافى بالموضوع-مصطلح موضوعى
مصطلح موضوعي الوثائق
التقسيم الفرعي العام حفظ وترتيب
650 04 - المدخل الاضافى بالموضوع-مصطلح موضوعى
مصطلح موضوعي الصحافة المصرية
650 04 - المدخل الاضافى بالموضوع-مصطلح موضوعى
مصطلح موضوعي الليبرالية
التقسيم الفرعي الجغرافي مصر
651 04 - المدخل الاضافى بالموضوع - اسم جغرافى
الاسم الجغرافي مصر
التقسيم الفرعي العام الاحوال الاجتماعية
التقسيم الفرعي الزمني عصر اسماعيل
700 0# - المدخل الاضافى - اسم شخصى
الإسم الشخصى عبادة كحيلة
الدور محرر
942 ## - عناصر المدخل الإضافي( كوها)
مصدر التصنيف او مخطط الترفيف Dewey Decimal Classification
Koha [default] item type كتاب
260 ## - PUBLICATION, DISTRIBUTION, ETC. (IMPRINT)
-- القاهرة :
-- مطبعة دار الكتب والوثائق القومية باتلقاهرة ،
Holdings
حالة التراجع حالة الفقد حالة تلف ليس للاعارة المكان المؤقت الموقع الحالى تاريخ الاكتساب اجمالي اﻻعارات رقم الطلب الباركود تاريخ اخر مشاهدة تاريخ تفعيل السعر نوع وعاء كوها
        مكتبة القاهرة الكبرى مكتبة القاهرة الكبرى 02/09/2015   962 ق/ر ص 159454 02/09/2015 02/09/2015 كتاب

Powered By

EGPV